| 000 | 00600nam a2200229Ia 4500 | ||
|---|---|---|---|
| 005 | 20240104110841.0 | ||
| 008 | 140110s9999 xx 000 0 und d | ||
| 020 |
_a9788173919725 _cRs.695.00 |
||
| 040 | _aLoreto College | ||
| 041 | _aEnglish | ||
| 082 |
_a302.23 _bSAX |
||
| 100 | _aSaxena, Ambrish | ||
| 245 |
_aFundamentals of reporting and editing _cAmbrish Saxena |
||
| 260 |
_aNew Delhi _bKanishka Publishers Distributors _c2007 |
||
| 300 | _a358p. | ||
| 504 | _aIncludes index | ||
| 630 | _aReporting | ||
| 650 | _aEditing | ||
| 651 | _aJournalism | ||
| 850 | _aLCLIB | ||
| 942 | _cBK | ||
| 999 |
_c36973 _d87452 |
||